Normal view MARC view

Entry Personal Name

Number of records used in: 2

001 - CONTROL NUMBER

  • control field: 89487

003 - CONTROL NUMBER IDENTIFIER

  • control field: dpl

005 - DATE AND TIME OF LATEST TRANSACTION

  • control field: 20260702103136.0

008 - FIXED-LENGTH DATA ELEMENTS

  • fixed length control field: 260702|| aca||aabn | a|a d

040 ## - CATALOGING SOURCE

  • Original cataloging agency: dpl
  • Transcribing agency: dpl

100 ## - HEADING--PERSONAL NAME

  • Personal name: Salik, Siddiq

670 ## - SOURCE DATA FOUND

  • Source citation: Work cat.: (dpl)216823: Salik, Siddiq, Witness to Surrender/, 2024

© Delhi Public Library
Hit Counter
free hit counter